000 00450nam a22001817a 4500
999 _c9735
_d9735
003 GBCCL
005 20241126110718.0
008 230627b ||||| |||| 00| 0 eng d
020 _a9780999839409
040 _cgbc
082 _a230.0463
_bMAC
100 _aMacDonald, S Craig
_916914
245 _aQuestions in dispensationalism
260 _aOregon :
_bAuthor
_c2018
300 _a164p. ;
650 _aDispensationalism
_94045
942 _2ddc
_cBK